Nadie se llama Perucho Corchuelo / (Registro nro. 6826)
[ vista simple ]
| 000 -LEADER | |
|---|---|
| fixed length control field | 01131nam a22002657a 4500 |
| 003 - CONTROL NUMBER IDENTIFIER | |
| control field | OSt |
| 005 - DATE AND TIME OF LATEST TRANSACTION | |
| control field | 20220201140608.0 |
| 008 - FIXED-LENGTH DATA ELEMENTS--GENERAL INFORMATION | |
| fixed length control field | 200907b2004 ck p|||br|||| 00| 0dspa d |
| 020 ## - INTERNATIONAL STANDARD BOOK NUMBER | |
| International Standard Book Number | 9583052520 |
| 040 ## - CATALOGING SOURCE | |
| Original cataloging agency | CO-JMCR |
| Transcribing agency | CO-JMCR |
| 082 04 - DEWEY DECIMAL CLASSIFICATION NUMBER | |
| Classification number | C / |
| Item number | CASn |
| Edition number | 23 |
| 100 1# - MAIN ENTRY--PERSONAL NAME | |
| Personal name | Castilla, Julia Mercedes, |
| Relator term | autora |
| 9 (RLIN) | 6540 |
| 245 10 - TITLE STATEMENT | |
| Title | Nadie se llama Perucho Corchuelo / |
| Statement of responsibility, etc. | Julia Mercedes Castilla ; ilustraciones, Fernando Córtes |
| 260 ## - PUBLICATION, DISTRIBUTION, ETC. | |
| Place of publication, distribution, etc. | Bogotá : |
| Name of publisher, distributor, etc. | Panamericana, |
| Date of publication, distribution, etc. | 2004. |
| 300 ## - PHYSICAL DESCRIPTION | |
| Extent | 40 páginas : |
| Other physical details | ilustraciones a color ; |
| Dimensions | 22 cm. |
| 490 1# - SERIES STATEMENT | |
| Series statement | Colección OA |
| 500 ## - GENERAL NOTE | |
| General note | Datos biográficos de los autores páginas 40. |
| 520 0# - SUMMARY, ETC. | |
| Summary, etc. | Perucho Corchuelo prefiere que lo llamen Santiago Roché porque sí es un nombre común. También le gusta ir a casa de sus abuelos, jugar con sus amigos e ir al cine. Pero a casa de sus abuelos les gusta llevar a Perucho al circo, no a ningún Santiago... |
| 521 ## - TARGET AUDIENCE NOTE | |
| Target audience note | Infantil. |
| 650 24 - SUBJECT ADDED ENTRY--TOPICAL TERM | |
| Source of heading or term | Nombres, Personales |
| Form subdivision | Ficción juvenil. |
| 9 (RLIN) | 9903 |
| 650 24 - SUBJECT ADDED ENTRY--TOPICAL TERM | |
| Source of heading or term | Abuelos |
| Form subdivision | Ficción juvenil. |
| 9 (RLIN) | 9903 |
| 650 24 - SUBJECT ADDED ENTRY--TOPICAL TERM | |
| Source of heading or term | Abuelos. |
| 700 1# - ADDED ENTRY--PERSONAL NAME | |
| Personal name | Cortés, Fernando, |
| Relator term | ilustrador |
| 9 (RLIN) | 9904 |
| 942 ## - ADDED ENTRY ELEMENTS (KOHA) | |
| Source of classification or shelving scheme | Dewey Decimal Classification |
| Koha item type | Books |
| Withdrawn status | Lost status | Source of classification or shelving scheme | Damaged status | Not for loan | Home library | Current library | Shelving location | Date acquired | Source of acquisition | Total Checkouts | Full call number | Barcode | Date last seen | Date last checked out | Copy number | Price effective from | Koha item type | Public note |
|---|---|---|---|---|---|---|---|---|---|---|---|---|---|---|---|---|---|---|
| Dewey Decimal Classification | Biblioteca Pública José María del Castillo y Rada | Biblioteca Pública José María del Castillo y Rada | General Stacks | 04/15/2018 | Donación | 5 | C / CASn | 201809829 | 03/04/2026 | 03/04/2026 | Ej.1 | 04/15/2018 | Books | Exlibris: David Fernando Pardo Guerra |